| 000 | 00748cam a2200193 4500 | ||
|---|---|---|---|
| 001 | WB3844-24 | ||
| 008 | 021127n2002 000 0 eng u | ||
| 035 | _a(Sirsi) u120602 | ||
| 245 | _aChanges to Red Book for plant and machinery valuers | ||
| 260 | _c2002 | ||
| 490 |
_aRICS Plant & Machinery Newsletter _v October 2002, 1(1) |
||
| 520 | _aHighlights changes to "Appraisal and valuation manual" in June 2002 which affected plant and machinery valuers. Suggests these changes are noted until new edition due spring 2003. | ||
| 590 | _aWB | ||
| 650 | _aPLANT AND MACHINERY | ||
| 650 | _aRICS APPRAISAL AND VALUATION MANUAL | ||
| 650 | _aAPPRAISAL AND VALUATION MANUAL | ||
| 690 | _aPROPERTY-PROPERTY APPRAISAL AND VALUATION | ||
| 942 | _n0 | ||
| 999 |
_c71658 _d71658 |
||